000 00582nam a2200193Ia 4500
003 LDD
008 190117s9999 xx 000 0 und d
020 _a8170163757
_c₹200
040 _cLDD
041 _ahi
082 _a8H3.7 शा49203द
100 _aशानी
245 0 _aदस प्रतिनिधि कहानियाँ
_cशानी
260 _aनई दिल्ली
_bकिताबघर
_c2013
300 _a96
901 _aKGP
904 _aReqst by : Satyakam
942 _2ddc
_cH
999 _c171511
_d171511